Normal view
MARC view
Entry Topical Term
001 - CONTROL NUMBER
- control field: 27494
003 - CONTROL NUMBER IDENTIFIER
- control field: ARRUPE
005 - DATE AND TIME OF LATEST TRANSACTION
- control field: 20161116094247.0
008 - FIXED-LENGTH DATA ELEMENTS
- fixed length control field: 161116|| aca||aabn | a|a d
040 ## - CATALOGING SOURCE
- Original cataloging agency: ARRUPE
- Transcribing agency: ARRUPE
150 ## - HEADING--TOPICAL TERM
- Topical term or geographic name as entry element: Symbolism
- General subdivision: Dictionaries
670 ## - SOURCE DATA FOUND
- Source citation: Work cat.: (ARRUPE)43932: Cirlot, Juan Eduardo 27493, A dictionary of symbols = Diccionario de simbolos tradicionales.English